Musical Terms - 4 (S-V) - Statistics

General Stats
  • This quiz has been taken 10 times
  • The average score is 9 of 17
Answer Stats
Hint Answer % Correct
Spirito Spirit
80%
Sostenuto Sustained
70%
Troppo Too much
70%
Sempre Always
60%
Sforzando, Sforzato (sf, sfz) Forced, accented
60%
Traurig Sad
60%
Semplice Simple, plain
60%
Schnell Fast
50%
Vivace, vivo Lively, quick
50%
Scherzando Playfully, joking
50%
Smorzando (smorz.) Dying away in tone and speed
40%
Vite Quick
40%
Tristamente, triste Sorrowful
40%
Subito (sub.) Suddenly
40%
Senza Without
40%
Stringendo Gradually getting faster
30%
Sonoro Resonant, with a rich tone
30%
No matching quizzes found
Score Distribution
Percent of People with Each Score
Percentile by Number Answered
Your Score History
You have not taken this quiz